Every 2025 F1 Driver Change - Statistics

General Stats
  • This quiz has been taken 57 times
    23 since last reset
  • The average score is 14 of 21
Answer Stats
Driver Previous Team/Category Team/Catergory Switched To % Correct
Lewis Hamilton Mercedes Ferrari
100%
Liam Lawson Red Bull RB
100%
Liam Lawson RB Red Bull
100%
Yuki Tsunoda RB Red Bull
100%
Carlos Sainz Ferrari Williams
100%
Jack Doohan Reserve - Alpine Alpine
94%
Esteban Ocon Alpine Haas
83%
Ollie Bearman F2 - Prema Haas
83%
Kimi Antonelli F2 - Prema Mercedes
83%
Isack Hadjar F2 - Campos RB
83%
Nico Hulkenburg Haas Sauber
83%
Gabriel Bortoleto F2 - Invicta Sauber
83%
Franco Colapinto Reserve - Alpine Alpine
72%
Franco Colapinto Williams Reserve - Alpine
72%
Valtteri Bottas Sauber Reserve - Mercedes, Mclaren, Williams
56%
Jack Doohan Alpine Reserve - Alpine
44%
Zhou Guanyu Sauber Reserve - Ferrari
44%
Sergio Perez Red Bull Retirement
17%
Daniel Ricciardo RB Retirement
11%
Kevin Magnussen Haas IMSA/WEC - BMW
6%
Logan Sargeant Williams European Le Mans - IDEC
0%
No matching quizzes found
Score Distribution
Percent of People with Each Score
Percentile by Number Answered
Your Score History
You have not taken this quiz since the last reset